| 000 | 00710 a2200193 4500 | ||
|---|---|---|---|
| 005 | 20080905112426.0 | ||
| 008 | 080905t xxu||||| |||| 00| 0 eng d | ||
| 010 | _aENG-87555 | ||
| 020 |
_a8175641185 _c125.00 |
||
| 035 | _aEN-71088 | ||
| 037 | _bDBAD / PUB | ||
| 082 | _a428.2 | ||
| 245 |
_aParagraph writing _cedited by S.K. Puri |
||
| 260 |
_aDelhi _bSahni Publications _c2007 |
||
| 270 |
_a4777, Mitra Gali, Roshanara Road, _bDelhi _e110 007 |
||
| 300 |
_a150 p. _c18 cm (Hb.) |
||
| 942 |
_adpl _cEN _k428.2/PAR _2ddc _h428.2 _mPAR |
||
| 999 |
_c6695 _d6695 |
||